[Event "36th Balaton Open A 2018"]
[Site "Balatonlelle"]
[Date "2018.06.19"]
[Round "8"]
[White "Trajber, Daniel"]
[Black "Sardy, Peter"]
[Result "1-0"]
[WhiteElo "2022"]
[BlackElo "2340"]
[Annotator "NA"]
[PlyCount "100"]
[EventDate "2018.06.12"]
[EventType "swiss"]
[EventCountry "HUN"]
[SourceTitle "playchess.com"]
[Source "ChessBase"]
[SourceQuality "1"]
[TimeControl "40/5400+30:1800+30"]

1. e4 {[%emt 0:00:09]} c5 {[%emt 0:03:35]} 2. Nf3 {[%emt 0:00:21]} e6 {[%emt 0:00:05]} 3. d4 {[%emt 0:00:25]} cxd4 {[%emt 0:00:06]} 4. Nxd4 {[%emt 0:00:09]} a6 {[%emt 0:00:05]} 5. Bd3 {[%emt 0:01:38]} Ne7 {[%emt 0:00:09]} 6. O-O {[%emt 0:01:03]} Nbc6 {[%emt 0:00:25]} 7. Nxc6 {[%emt 0:04:09]} Nxc6 {[%emt 0:00:06]} 8. c4 {[%emt 0:00:13]} Be7 {[%emt 0:04:58]} 9. Nc3 {[%emt 0:02:19]} Qc7 {[%emt 0:13:11]} 10. Be3 {[%emt 0:06:56]} Ne5 {[%emt 0:07:54]} 11. Qe2 {[%emt 0:04:35]} O-O {[%emt 0:10:36]} 12. Rac1 {[%emt 0:05:56]} b6 {[%emt 0:05:17]} 13. Na4 {[%emt 0:08:30]} Rb8 {[%emt 0:11:11]} 14. c5 $11 {[%emt 0:15:01]} Nxd3 {[%emt 0:01:51]} 15. Qxd3 {[%emt 0:01:08]} bxc5 {[%emt 0:01:04]} 16. Nxc5 {[%emt 0:01:54]} Qc6 {[%emt 0:04:24]} 17. b3 {[%emt 0:07:46]} Rb5 {[%emt 0:08:17]} 18. Na4 {[%emt 0:07:20]} Qb7 {[%emt 0:01:39]} 19. Nc3 {[%emt 0:03:05]} Ra5 {[%emt 0:01:34]} 20. f4 {[%emt 0:03:41]} d6 {[%emt 0:04:50]} 21. f5 {[%emt 0:05:52]} Bd7 {[%emt 0:06:45]} 22. f6 {[%emt 0:04:04]} Bxf6 {[%emt 0:01:02]} 23. Rxf6 {[%emt 0:01:52]} gxf6 {[%emt 0:00:01]} 24. Bh6 {[%emt 0:01:54]} Qb6+ {[%emt 0:00:41]} 25. Kh1 {[%emt 0:01:07]} Rg5 {[%emt 0:00:41]} 26. Bxg5 {[%emt 0:01:56]} fxg5 {[%emt 0:00:30]} 27. Qg3 {[%emt 0:01:54]} h6 {[%emt 0:02:28]} 28. h4 {[%emt 0:01:06]} Qc5 {[%emt 0:04:44]} 29. Ne2 {[%emt 0:03:07]} Qe5 {[%emt 0:00:55]} 30. Qxe5 {[%emt 0:01:10]} dxe5 {[%emt 0:00:01]} 31. hxg5 {[%emt 0:00:17]} hxg5 {[%emt 0:00:01]} 32. Rc7 {[%emt 0:00:46]} Bb5 {[%emt 0:00:55]} 33. Nc3 {[%emt 0:00:41]} Bd3 {[%emt 0:01:21]} 34. Rd7 {[%emt 0:00:58]} Bb5 {[%emt 0:00:09]} 35. Nxb5 {[%emt 0:01:05]} axb5 {[%emt 0:00:00]} 36. Rb7 {[%emt 0:00:19]} Ra8 {[%emt 0:00:55]} 37. Rxb5 {[%emt 0:00:28]} Rxa2 {[%emt 0:00:06]} 38. Rxe5 {[%emt 0:00:14]} Kg7 {[%emt 0:01:45]} 39. Rxg5+ {[%emt 0:00:34]} Kf6 {[%emt 0:00:11]} 40. Rb5 {[%emt 0:00:00]} Re2 {[%emt 0:00:25]} 41. Rb7 Kg6 42. Rb5 Kf6 43. e5+ Rxe5 44. Rxe5 Kxe5 45. g4 Kd4 46. Kg2 e5 47. Kf3 e4+ 48. Ke2 {Kd3+ g5+} Kc3 49. Ke3 Kxb3 50. Kxe4 Kc3 1-0

[Event "36th Balaton Open A 2018"]
[Site "Balatonlelle"]
[Date "2018.06.19"]
[Round "8"]
[White "Ananya Rishi Gupta"]
[Black "Ronce, Nathan"]
[Result "1/2-1/2"]
[WhiteElo "1968"]
[BlackElo "2210"]
[Annotator "NA"]
[PlyCount "71"]
[EventDate "2018.06.12"]
[EventType "swiss"]
[EventCountry "HUN"]
[SourceTitle "playchess.com"]
[Source "ChessBase"]
[SourceQuality "1"]
[TimeControl "40/5400+30:1800+30"]

1. e4 {[%emt 0:00:14]} e6 {[%emt 0:01:25]} 2. d4 {[%emt 0:00:24]} d5 {[%emt 0:00:10]} 3. Nd2 {[%emt 0:00:20]} Nc6 {[%emt 0:00:15]} 4. Ngf3 {[%emt 0:01:31]} Nf6 {[%emt 0:00:22]} 5. e5 {[%emt 0:00:10]} Nd7 {[%emt 0:00:05]} 6. c3 {[%emt 0:00:18]} f6 {[%emt 0:14:35]} 7. exf6 {[%emt 0:01:30]} Qxf6 {[%emt 0:02:16]} 8. Nb3 {[%emt 0:04:45]} Bd6 {[%emt 0:06:28]} 9. Bg5 {[%emt 0:08:49]} Qf7 {[%emt 0:00:35]} 10. Bh4 {[%emt 0:01:22]} O-O $11 {[%emt 0:12:48]} 11. Bd3 {[%emt 0:08:27]} Qh5 {[%emt 0:07:25]} 12. Bg3 {[%emt 0:02:49]} Bxg3 {[%emt 0:03:29]} 13. fxg3 {[%emt 0:00:40]} e5 {[%emt 0:08:48]} 14. dxe5 {[%emt 0:02:27]} Ncxe5 {[%emt 0:01:04]} 15. Nxe5 {[%emt 0:03:51]} Qxe5+ {[%emt 0:07:42]} 16. Qe2 {[%emt 0:00:20]} Qg5 {[%emt 0:01:13]} 17. Qd2 {[%emt 0:04:31]} Qxd2+ {[%emt 0:02:34]} 18. Nxd2 {[%emt 0:00:27]} Ne5 {[%emt 0:00:57]} 19. Be2 {[%emt 0:01:43]} Bg4 {[%emt 0:05:12]} 20. Bxg4 {[%emt 0:09:49]} Nxg4 {[%emt 0:01:14]} 21. Nf3 {[%emt 0:00:36]} Rae8+ {[%emt 0:03:23]} 22. Kd2 {[%emt 0:00:47]} Ne3 {[%emt 0:04:22]} 23. Rae1 {[%emt 0:01:29]} Nxg2 {[%emt 0:03:23]} 24. Rxe8 {[%emt 0:06:37]} Rxe8 {[%emt 0:00:06]} 25. b3 {[%emt 0:01:28]} Re7 {[%emt 0:12:13]} 26. Nd4 {[%emt 0:03:49]} c5 {[%emt 0:00:33]} 27. Nc2 {[%emt 0:00:33]} d4 {[%emt 0:00:10]} 28. cxd4 {[%emt 0:00:18]} cxd4 {[%emt 0:00:06]} 29. Nxd4 {[%emt 0:02:07]} Ne3 {[%emt 0:00:22]} 30. Rc1 {[%emt 0:08:48]} Ng4 {[%emt 0:01:15]} 31. Nf3 {[%emt 0:02:47]} h6 {[%emt 0:00:41]} 32. Rc4 {[%emt 0:01:07]} Nf6 {[%emt 0:00:17]} 33. Kd3 {[%emt 0:01:35]} Kf7 {[%emt 0:00:23]} 34. Rd4 {[%emt 0:01:45]} Ke6 {[%emt 0:00:29]} 35. a3 {[%emt 0:03:10]} Rc7 {[%emt 0:00:18]} 36. Ng1 1/2-1/2

[Event "36th Balaton Open A 2018"]
[Site "Balatonlelle"]
[Date "2018.06.19"]
[Round "8"]
[White "Bernath, Bence"]
[Black "Gaal, Ede"]
[Result "1/2-1/2"]
[WhiteElo "1758"]
[BlackElo "2141"]
[Annotator "NA"]
[PlyCount "77"]
[EventDate "2018.06.12"]
[EventType "swiss"]
[EventCountry "HUN"]
[SourceTitle "playchess.com"]
[Source "ChessBase"]
[SourceQuality "1"]
[TimeControl "40/5400+30:1800+30"]

1. e4 {[%emt 0:00:31]} g6 {[%emt 0:00:43]} 2. d4 {[%emt 0:00:29]} Bg7 {[%emt 0:00:14]} 3. Nc3 {[%emt 0:00:32]} d6 {[%emt 0:00:18]} 4. f4 {[%emt 0:00:33]} Nf6 {[%emt 0:00:56]} 5. Bd3 {[%emt 0:00:51]} O-O {[%emt 0:00:23]} 6. Nf3 {[%emt 0:00:24]} Bg4 {[%emt 0:01:48]} 7. h3 {[%emt 0:01:38]} Bxf3 {[%emt 0:08:28]} 8. Qxf3 {[%emt 0:00:35]} Nc6 {[%emt 0:01:04]} 9. Qf2 {[%emt 0:07:42]} e5 {[%emt 0:03:35]} 10. fxe5 dxe5 11. d5 {[%emt 0:01:21]} Nb4 {[%emt 0:11:33]} 12. O-O {[%emt 0:01:25]} Ne8 {[%emt 0:06:03]} 13. g4 {[%emt 0:07:03]} Nd6 {[%emt 0:02:17]} 14. Qg3 {[%emt 0:01:58]} Qe7 {[%emt 0:02:44]} 15. Bd2 {[%emt 0:01:43]} f5 $11 {[%emt 0:06:21]} 16. gxf5 {[%emt 0:05:38]} gxf5 {[%emt 0:00:50]} 17. Bg5 {[%emt 0:01:06]} Qf7 {[%emt 0:00:54]} 18. exf5 {[%emt 0:02:30]} Nxd3 {[%emt 0:05:02]} 19. f6 {[%emt 0:05:07]} Nf4 {[%emt 0:05:14]} 20. fxg7 {[%emt 0:03:35]} Qxg7 {[%emt 0:00:12]} 21. Bxf4 {[%emt 0:00:11]} exf4 {[%emt 0:00:46]} 22. Qxg7+ {[%emt 0:00:30]} Kxg7 {[%emt 0:00:11]} 23. Ne2 {[%emt 0:00:38]} Rf5 {[%emt 0:02:43]} 24. Nxf4 {[%emt 0:00:48]} Rg8 {[%emt 0:00:43]} 25. Ne6+ {[%emt 0:06:10]} Kh6+ {[%emt 0:00:34]} 26. Kh1 {[%emt 0:00:54]} Rxd5 27. Rad1 {[%emt 0:11:38]} Re5 {[%emt 0:08:39]} 28. Rf6+ {[%emt 0:00:39]} Rg6 {[%emt 0:00:17]} 29. Rxg6+ {[%emt 0:00:22]} hxg6 {[%emt 0:00:14]} 30. Nxc7 {[%emt 0:00:12]} Ne4 {[%emt 0:00:27]} 31. Rd4 {[%emt 0:04:00]} Ng5 {[%emt 0:12:15]} 32. Rd2 {[%emt 0:08:17]} Nxh3 {[%emt 0:02:46]} 33. Rh2 {[%emt 0:00:36]} Rh5 {[%emt 0:00:39]} 34. Nd5 {[%emt 0:01:43]} Kg5 {[%emt 0:03:06]} 35. c4 {[%emt 0:01:15]} Rh4 {[%emt 0:02:50]} 36. b4 {[%emt 0:02:26]} a6 {[%emt 0:08:16]} 37. c5 {[%emt 0:02:59]} Rd4 {[%emt 0:03:07]} 38. Rxh3 {[%emt 0:02:09]} Rxd5 {[%emt 0:00:07]} 39. Rh7 {[%emt 0:00:19]} 1/2-1/2

[Event "36th Balaton Open A 2018"]
[Site "Balatonlelle"]
[Date "2018.06.20"]
[Round "9"]
[White "Sardy, Peter"]
[Black "Bernath, Bence"]
[Result "0-1"]
[WhiteElo "2340"]
[BlackElo "1758"]
[Annotator "RC"]
[PlyCount "83"]
[EventDate "2018.06.12"]
[EventType "swiss"]
[EventCountry "HUN"]
[SourceTitle "playchess.com"]
[Source "ChessBase"]
[SourceQuality "1"]
[TimeControl "40/5400+30:1800+30"]

1. e4 {[%emt 0:00:05]} e5 {[%emt 0:01:02]} 2. Nf3 {[%emt 0:00:05]} Nc6 {[%emt 0:00:32]} 3. Bb5 {[%emt 0:00:05]} a6 {[%emt 0:00:32]} 4. Ba4 {[%emt 0:00:05]} d6 {[%emt 0:00:31]} 5. d3 {[%emt 0:03:12]} b5 {[%emt 0:01:00]} 6. Bb3 {[%emt 0:00:05]} Na5 {[%emt 0:00:21]} 7. Nc3 {[%emt 0:01:51]} Nxb3 {[%emt 0:03:00]} 8. axb3 {[%emt 0:00:02]} Bd7 {[%emt 0:00:31]} 9. O-O {[%emt 0:00:10]} Nf6 {[%emt 0:01:30]} 10. d4 {[%emt 0:03:37]} exd4 {[%emt 0:03:35]} 11. Qxd4 {[%emt 0:03:34]} Be7 {[%emt 0:01:38]} 12. Re1 {[%emt 0:09:19]} O-O {[%emt 0:03:17]} 13. h3 {[%emt 0:00:46]} Bc6 {[%emt 0:03:08]} 14. Qd3 {[%emt 0:03:06]} Re8 {[%emt 0:02:11]} 15. Nd4 {[%emt 0:02:39]} Bb7 {[%emt 0:00:26]} 16. Nf5 {[%emt 0:04:01]} Bf8 {[%emt 0:01:44]} 17. Bg5 {[%emt 0:04:03]} h6 {[%emt 0:01:11]} 18. Bd2 {[%emt 0:03:40]} Qd7 {[%emt 0:02:18]} 19. g4 {[%emt 0:00:35]} Rad8 {[%emt 0:08:13]} 20. f3 {[%emt 0:17:53]} Kh8 {[%emt 0:03:13]} 21. Re2 {[%emt 0:05:19]} Ng8 {[%emt 0:01:13]} 22. Nd5 {[%emt 0:15:29]} Bxd5 {[%emt 0:08:33]} 23. Qxd5 {[%emt 0:00:26]} c6 {[%emt 0:00:55]} 24. Qd3 {[%emt 0:01:20]} Qa7+ {[%emt 0:01:10]} 25. Kg2 {[%emt 0:06:20]} d5 {[%emt 0:01:16]} 26. e5 {[%emt 0:00:23]} g6 {[%emt 0:00:39]} 27. Nd4 {[%emt 0:00:09]} Qb7 {[%emt 0:00:42]} 28. b4 {[%emt 0:00:11]} c5 {[%emt 0:03:02]} 29. bxc5 {[%emt 0:00:27]} Bxc5 {[%emt 0:00:10]} 30. e6 {[%emt 0:01:17]} Kh7 {[%emt 0:01:31]} 31. Rae1 {[%emt 0:00:49]} Bf8 {[%emt 0:05:13]} 32. h4 {[%emt 0:02:11]} Bg7 {[%emt 0:01:11]} 33. h5 {[%emt 0:01:01]} Rd6 {[%emt 0:01:06]} 34. Bb4 {[%emt 0:01:14]} Rdd8 {[%emt 0:00:52]} 35. exf7 {[%emt 0:02:12]} Rxe2+ {[%emt 0:01:18]} 36. Rxe2 {[%emt 0:00:11]} Qxf7 {[%emt 0:00:08]} 37. Re6 {[%emt 0:00:12]} Qa7 {[%emt 0:01:06]} 38. Qxg6+ {[%emt 0:00:48]} Kh8 {[%emt 0:00:16]} 39. Nf5 {[%emt 0:00:30]} Rd7 {[%emt 0:00:34]} 40. Re8 {[%emt 0:00:00]} a5 {[%emt 0:01:03]} 41. Nxh6 {[%emt 0:02:25]} Bxh6 {[%emt 0:00:50]} 42. Rxg8# {[%emt 0:00:08]} 0-1

[Event "36th Balaton Open A 2018"]
[Site "Balatonlelle"]
[Date "2018.06.20"]
[Round "9"]
[White "Haszon, David"]
[Black "Ananya Rishi Gupta"]
[Result "1-0"]
[WhiteElo "2246"]
[BlackElo "1968"]
[Annotator "TA"]
[PlyCount "43"]
[EventDate "2018.06.12"]
[EventType "swiss"]
[EventCountry "HUN"]
[SourceTitle "playchess.com"]
[Source "ChessBase"]
[SourceQuality "1"]

{[%evp 28,43,0,0,8,-39,0,-7,0,0,0,0,273,267,1556,1180,1678,1599]} 1. e4 e5 2. Nf3 Nc6 3. Bb5 a6 4. Ba4 Nf6 5. d4 exd4 6. O-O Be7 7. e5 Ne4 8. Nxd4 Nxd4 9. Qxd4 Nc5 10. Nc3 O-O 11. Nd5 Nxa4 12. Qxa4 d6 13. Nxe7+ Qxe7 14. exd6 Qxd6 15. Bf4 {LiveBook: 3 Games. C84: Closed Ruy Lopez: Unusual White 6th moves} Qb6 16. Be3 $146 {[%cal Bf4e3,Be3d4,Bd4g7][%mdl 32]} ({Predecessor:} 16. b3 Bf5 {½-½ (16) Mischuk,D (2332)-Grigorjev,I (2274) Yelets 2015}) 16... Qg6 {aiming for ...Bh3.} 17. Qf4 {The position is equal.} Qxc2 18. Rac1 Qxb2 19. Bd4 Qe2 $2 {[%mdl 8192] [#]} (19... Qxa2 $11 20. Bxg7 (20. Rxc7 Qe6 $15) 20... Kxg7 21. Qg5+ Kh8 22. Qf6+ Kg8 23. Qg5+ Kh8 24. Qf6+ Kg8 25. Qg5+ Kh8) 20. Bxg7 $1 $18 {[%mdl 512]} Re8 $2 (20... Qg4 21. Qxg4 Bxg4) (20... Kxg7 21. Qg5+) 21. Bd4 {White threatens Qg5+ and mate.} Qe6 22. Rce1 1-0

[Event "36th Balaton Open A 2018"]
[Site "Balatonlelle"]
[Date "2018.06.20"]
[Round "9"]
[White "Ronce, Nathan"]
[Black "Nagy, Daniel"]
[Result "1/2-1/2"]
[WhiteElo "2210"]
[BlackElo "2312"]
[Annotator "TA"]
[PlyCount "118"]
[EventDate "2018.06.12"]
[EventType "swiss"]
[EventCountry "HUN"]
[SourceTitle "playchess.com"]
[Source "ChessBase"]
[SourceQuality "1"]

{[%evp 22,118,10,-23,-7,0,-6,-16,-16,-77,-47,-36,-44,-58,-14,-19,0,-37,-31,-37,-29,-41,-3,-59,0,-55,-50,-57,-35,-64,-110,-78,-60,-89,-111,-109,-91,-77,-81,-164,-177,-174,-150,-207,-192,-220,-220,-201,-197,-193,-189,-174,-150,-198,-168,-189,-77,-91,0,-31,17,17,39,8,8,0,0,0,0,0,0,0,0,0,0,0,0,0,0,0,0,0,0,-6,-6,-6,0,-6,-6,-6,-6,-6,-6,-6,-6,-6,-6,-6,-6]} 1. e4 c5 2. Nf3 Nc6 3. d4 cxd4 4. Nxd4 g6 5. c4 Bg7 6. Nc2 Nf6 {[%cal Bg8f6,Bf6d7,Bd7c5,Bc5e4][%mdl 32]} 7. Nc3 d6 8. Be2 a5 {B37: Sicilian: Maroczy Bind with 5...Bg7, sidelines} (8... O-O 9. O-O Nd7 10. Bd2 a5 11. Re1 Nc5 12. Bf1 Nb4 13. Bg5 Bxc3 14. bxc3 Nxc2 15. Qxc2 f6 16. Bh6 Re8 17. h4 Be6 18. Rad1 Qc7 19. f4 Kh8 {½-½ (19) Duda,J (2724)-Hamdouchi,H (2580) Brest 2018}) 9. O-O O-O 10. b3 Nd7 11. Bd2 Nc5 12. Rc1 {LiveBook: 4 Games} Bxc3 13. Bxc3 Nxe4 14. Bb2 e5 $146 ({Predecessor:} 14... Qb6 15. Bf3 Ng5 16. Bxc6 bxc6 17. Re1 Ne6 18. Qd2 f6 19. Qh6 Rf7 {½-½ (48) Tao,E (1561)-Lopez Sanchez,A (1695) Montevideo 2017}) 15. Kh1 (15. Bf3 $11 Nc5 16. Qd2) 15... Be6 16. f3 Nc5 17. f4 Qc7 18. Ne3 Ne7 19. Qe1 f6 20. Rd1 Rad8 21. Bf3 b6 22. h4 ({White should play} 22. Qh4 $11) 22... Nf5 (22... exf4 $15 23. Nd5 Nxd5 24. Bxd5 Bxd5 25. Rxd5 Rde8) 23. Kg1 (23. Nd5 $11 Qa7 24. Kh2 (24. fxe5 fxe5 25. Kh2 h5 $11)) 23... e4 $15 24. Bg4 Nd3 $36 {[%mdl 2048] Black has some pressure.} 25. Rxd3 exd3 26. Bxf5 Bxf5 27. Nxf5 gxf5 28. Qg3+ Kf7 {Hoping for ...d5.} 29. Qxd3 Qc6 30. Bd4 {[#]} (30. Rf2 $17 Qe4 31. Qd1) 30... Rg8 $1 $19 {[%csl Gg8][%cal Rc6g2]} 31. Rf2 Qe4 32. Qd1 {[#]} (32. Qd2 $17 {was worth a try.}) 32... Rg4 $1 33. Bxb6 Rdg8 {[%cal Rg4g2]} 34. Qd5+ Ke7 35. Qxe4+ fxe4 36. Bxa5 {[%mdl 4096] Endgame KRR-KRB} f5 37. Bb6 Kd7 38. a4 Rb8 (38... Rg3 $19 39. b4 Rb3) 39. a5 $17 Kc6 (39... Rxh4 $17 40. b4 Re8) 40. b4 $15 Rxb6 41. axb6 Kxb6 {KR-KR} 42. Rd2 Kc7 {The position is equal.} 43. Ra2 Rxf4 44. Ra7+ Kd8 45. g3 ({Much weaker is} 45. Rxh7 e3 $17) 45... Rf3 46. Kg2 ({Of course not} 46. Rxh7 e3 $17) 46... h5 47. Rh7 f4 48. gxf4 ({Don't go for} 48. Rxh5 $2 Rxg3+ 49. Kf1 e3 $19) 48... Rxf4 49. Rxh5 e3 {Strongly threatening ...e2.} 50. Ra5 e2 51. Ra1 Rxc4 52. Kf2 Rxh4 53. Kxe2 Kc7 54. Kd3 Rxb4 55. Rc1+ Kd7 56. Rh1 Kc6 57. Kc3 Rg4 58. Rh5 d5 59. Rh8 Kc5 {Precision: White = 48%, Black = 52%.} 1/2-1/2

[Event "36th Balaton Open A 2018"]
[Site "Balatonlelle"]
[Date "2018.06.20"]
[Round "9"]
[White "Boguszlavszkij, Jevgenyij"]
[Black "Terbe, Julianna"]
[Result "1/2-1/2"]
[WhiteElo "2170"]
[BlackElo "2242"]
[Annotator "TA"]
[PlyCount "62"]
[EventDate "2018.06.12"]
[EventType "swiss"]
[EventCountry "HUN"]
[SourceTitle "playchess.com"]
[Source "ChessBase"]
[SourceQuality "1"]

{[%evp 29,62,13,9,0,25,19,27,0,0,0,9,0,0,0,0,0,0,-10,0,0,0,0,0,0,0,0,17,0,0,0,0,0,0,0,12]} 1. e4 e5 2. Nc3 Nc6 3. Nf3 Nf6 4. d4 exd4 5. Nxd4 Bb4 6. Nxc6 bxc6 7. Bd3 d5 8. exd5 O-O 9. O-O cxd5 10. Bg5 c6 11. Qf3 Rb8 12. Na4 {C47: Scotch Four Knights and Four Knights with 4 g3} (12. Ne2 Bg4 13. Bxf6 Bxf3 14. Bxd8 Bxe2 15. Bxe2 Rfxd8 16. Rfd1 Be7 17. Rab1 Bf6 18. b3 Kf8 19. c4 dxc4 20. Bxc4 Rxd1+ 21. Rxd1 {½-½ (30) Kuzubov,Y (2646)-Kravtsiv,M (2657) Kocaeli 2017}) 12... Be6 13. b3 Be7 14. h3 h6 15. Bf4 Bd6 {LiveBook: 3 Games} 16. Rad1 Bxf4 $146 ({Predecessor:} 16... c5 17. Nc3 d4 18. Ne4 Bxf4 19. Qxf4 Nxe4 20. Qxe4 {1-0 (78) Werner,D (1772)-Farokhi,K (1845) Willingen 2018}) 17. Qxf4 Qa5 18. Qd6 Rfc8 {The position is equal.} 19. Qc5 Qc7 20. Rfe1 Nd7 21. Qe7 Re8 22. Qh4 c5 23. Nc3 c4 24. bxc4 dxc4 25. Bf1 Nf6 26. Ne4 Nxe4 27. Rxe4 {[%cal Rf1c4]} c3 28. Bc4 Bxc4 29. Rxc4 Qe5 30. Qd4 Qxd4 31. Rdxd4 Rb1+ {Precision: White = 48%, Black = 62%.} 1/2-1/2

[Event "36th Balaton Open A 2018"]
[Site "Balatonlelle"]
[Date "2018.06.20"]
[Round "9"]
[White "Gaal, Ede"]
[Black "Chandratreya Prachiti"]
[Result "1-0"]
[WhiteElo "2141"]
[BlackElo "1729"]
[Annotator "TA"]
[PlyCount "82"]
[EventDate "2018.06.12"]
[EventType "swiss"]
[EventCountry "HUN"]
[SourceTitle "playchess.com"]
[Source "ChessBase"]
[SourceQuality "1"]

{[%evp 19,82,-54,-58,-68,-44,-132,-132,-141,-125,-132,-140,-139,-135,-137,-134,-134,-133,-133,-108,-170,-117,-122,-127,-193,-193,-231,-171,-219,-185,-216,-229,-204,0,-311,-304,-535,-520,-506,-505,-562,-569,-552,-471,-556,-550,-569,-583,-711,-708,-706,-706,-860,-856,-874,-837,-818,-808,-880,-879,-854,-841,-793,-775,-932,-937]} 1. e4 e6 2. d4 d5 3. e5 c5 4. c3 Qb6 5. Nf3 Nc6 {[%cal Bb8c6,Bc6b4,Bb4c2][%mdl 32]} 6. a3 Nh6 7. b4 cxd4 8. Bxh6 gxh6 9. cxd4 Bd7 10. Nc3 {C02: Französische Verteidigung (Vorstoßvariante)} (10. Ra2 Rg8 11. h3 h5 12. g3 h4 13. g4 Be7 14. Be2 f6 15. b5 Nd8 16. Qd3 Rg7 17. Nc3 Nf7 {0-1 (38) Shirov,A (2684)-Nakamura,H (2787) Zuerich 2016 CBM 171 [Mokal,P]}) 10... Nxb4 $1 {LiveBook: 5 Partien} 11. Rb1 Qc7 12. Nb5 (12. Rb3 $15 Nc6 13. Nb5 Qa5+ 14. Qd2) 12... Nc2+ $146 ({Vorgänger:} 12... Bxb5 13. Bxb5+ Nc6 14. Qd3 Qa5+ 15. Nd2 Qxa3 16. Rb3 Qc1+ 17. Ke2 Qxh1 {0-1 (25) Fedotov,S (2197)-Seryogin,P (2245) Tambov 2011}) 13. Kd2 Qa5+ 14. Kxc2 {[#] De1 ist eine echte Drohung.} Rc8+ 15. Kb2 {zielt auf Db3 ab.} Bxb5 16. Bxb5+ Qxb5+ 17. Qb3 Qxb3+ 18. Kxb3 Be7 19. h4 (19. Rhc1 $17 Kd7 20. a4) 19... O-O (19... b5 $19 20. Rhc1 Kd7) 20. Rhc1 b5 21. g3 (21. h5 $17 {war einen Versuch wert.}) 21... Rc4 $19 22. Ne1 Rfc8 23. Rc2 a6 {[%cal Ba7a6,Ba6a5][%mdl 32]} 24. h5 Rb8 25. Rd1 Rbc8 $2 (25... Ra4 $19 26. Rc7 Bxa3) 26. Rd3 $2 {[%mdl 8192] [#]} (26. Rb1 $1 $11 {und Weiss ist OK.}) 26... Bxa3 $1 {[%mdl 512]} 27. Ra2 $2 (27. Kxa3 Rxc2 28. Nxc2 Rxc2 29. f4) 27... Bb4 {Schwarz steht klar auf Gewinn.} 28. Nc2 a5 {( -> ...a4+)} 29. Ne3 Rc3+ 30. Rxc3 Rxc3+ {[%mdl 4096] Endspiel KTL-KTS} 31. Kb2 Rd3 32. Kc1 Rxd4 33. f4 Rd3 34. Ng4 Rxg3 35. Nf6+ Kf8 36. Rf2 Rg1+ 37. Kb2 d4 38. f5 Bc3+ 39. Kc2 exf5 40. Rxf5 b4 {Weiss muss nun ...a4 beachten.} 41. Nd5 Rg5 {[%mdl 32768] Precision: Weiß = 19%, Schwarz = 71%. . Loss on Time!?} 1-0

[Event "36th Balaton Open A 2018"]
[Site "Balatonlelle"]
[Date "2018.06.20"]
[Round "9"]
[White "Pallagi, Janos"]
[Black "Kincs, Imre"]
[Result "1/2-1/2"]
[WhiteElo "1967"]
[BlackElo "2210"]
[Annotator "TA"]
[PlyCount "18"]
[EventDate "2018.06.12"]
[EventType "swiss"]
[EventCountry "HUN"]
[SourceTitle "playchess.com"]
[Source "ChessBase"]
[SourceQuality "1"]

{[%evp 15,18,27,26,25,79]} 1. Nf3 d5 2. c4 e6 3. g3 Nd7 4. b3 c6 5. Bb2 Ngf6 6. Bg2 Bd6 7. d4 Ne4 {E01: Catalan: Early deviations} 8. O-O f5 {LiveBook: 5 Games} 9. Ne5 Bxe5 $146 (9... Nxe5 $11 {keeps the balance.} 10. dxe5 Be7) ({Predecessor:} 9... Nxe5 10. dxe5 Bc5 11. cxd5 exd5 12. Bd4 Be7 13. e3 O-O 14. Qc2 {1-0 (39) Berczes,C (2397)-Farago,S (2268) Budapest 2010}) 1/2-1/2

[Event "36th Balaton Open A 2018"]
[Site "Balatonlelle"]
[Date "2018.06.20"]
[Round "9"]
[White "Tancsa, Tamas"]
[Black "Suta, Andraz"]
[Result "0-1"]
[WhiteElo "1965"]
[BlackElo "2239"]
[Annotator "RC"]
[PlyCount "98"]
[EventDate "2018.06.12"]
[EventType "swiss"]
[EventCountry "HUN"]
[SourceTitle "playchess.com"]
[Source "ChessBase"]
[SourceQuality "1"]
[TimeControl "40/5400+30:1800+30"]

1. e4 {[%emt 0:00:04]} e5 {[%emt 0:00:36]} 2. Nf3 {[%emt 0:00:15]} Nc6 {[%emt 0:00:02]} 3. Bb5 {[%emt 0:00:40]} a6 {[%emt 0:00:01]} 4. Ba4 {[%emt 0:00:19]} Nf6 {[%emt 0:00:06]} 5. O-O {[%emt 0:00:16]} Be7 {[%emt 0:00:05]} 6. Re1 {[%emt 0:00:17]} b5 {[%emt 0:00:49]} 7. Bb3 {[%emt 0:00:11]} d6 {[%emt 0:06:03]} 8. c3 {[%emt 0:00:19]} O-O {[%emt 0:00:06]} 9. h3 {[%emt 0:00:12]} Na5 {[%emt 0:00:09]} 10. Bc2 {[%emt 0:00:15]} c5 {[%emt 0:00:06]} 11. d4 {[%emt 0:00:16]} Nd7 {[%emt 0:10:45]} 12. d5 {[%emt 0:00:46]} Nb6 {[%emt 0:01:54]} 13. Nbd2 {[%emt 0:00:32]} Nb7 {[%emt 0:10:24]} 14. Nf1 {[%emt 0:00:37]} c4 {[%emt 0:00:52]} 15. Be3 {[%emt 0:00:16]} Qc7 {[%emt 0:01:37]} 16. g4 {[%emt 0:02:18]} Nc5 {[%emt 0:17:19]} 17. Ng3 {[%emt 0:00:14]} a5 {[%emt 0:00:32]} 18. a3 {[%emt 0:02:08]} Bd7 {[%emt 0:05:01]} 19. Nf5 {[%emt 0:02:30]} Bxf5 {[%emt 0:02:16]} 20. gxf5 {[%emt 0:00:07]} Nbd7 {[%emt 0:08:18]} 21. Kh2 {[%emt 0:03:20]} Rab8 {[%emt 0:01:49]} 22. Rg1 {[%emt 0:02:05]} Kh8 {[%emt 0:00:07]} 23. Qf1 {[%emt 0:01:27]} Rg8 {[%emt 0:05:01]} 24. Rg3 {[%emt 0:00:21]} Qd8 {[%emt 0:03:26]} 25. Qg2 {[%emt 0:01:04]} b4 {[%emt 0:00:51]} 26. Rg1 {[%emt 0:00:38]} Qf8 {[%emt 0:01:03]} 27. axb4 {[%emt 0:02:06]} axb4 {[%emt 0:00:08]} 28. Bd2 {[%emt 0:00:14]} bxc3 {[%emt 0:10:50]} 29. Bxc3 {[%emt 0:00:13]} Nd3 {[%emt 0:00:08]} 30. Bxd3 {[%emt 0:00:27]} cxd3 {[%emt 0:00:00]} 31. Nd2 {[%emt 0:00:20]} Nc5 {[%emt 0:01:15]} 32. f4 {[%emt 0:01:16]} Bf6 {[%emt 0:00:40]} 33. fxe5 {[%emt 0:00:18]} Bxe5 {[%emt 0:00:32]} 34. Bxe5 dxe5 {[%emt 0:00:01]} 35. Nc4 {[%emt 0:00:24]} f6 {[%emt 0:00:35]} 36. Rg4 {[%emt 0:12:25]} Rb4 {[%emt 0:08:48]} 37. Rh4 {[%emt 0:00:24]} h6 {[%emt 0:00:47]} 38. Nd6 {[%emt 0:00:27]} Rb6 {[%emt 0:02:54]} 39. Nc4 {[%emt 0:01:28]} Rb4 {[%emt 0:00:05]} 40. Na5 {[%emt 0:00:00]} d2 {[%emt 0:02:54]} 41. Nc6 {[%emt 0:04:13]} Rb7 {[%emt 0:08:54]} 42. Qxd2 {[%emt 0:01:37]} Nb3 {[%emt 0:00:40]} 43. Qg2 {[%emt 0:02:28]} Nd4 {[%emt 0:00:07]} 44. Nxd4 {[%emt 0:00:36]} exd4 {[%emt 0:00:01]} 45. Kh1 {[%emt 0:03:39]} Qf7 {[%emt 0:07:33]} 46. Qd2 {[%emt 0:02:36]} Rgb8 {[%emt 0:00:20]} 47. Rg6 {[%emt 0:01:21]} Qf8 {[%emt 0:02:46]} 48. Qxd4 {[%emt 0:04:02]} Rxb2 {[%emt 0:03:53]} 49. Rhg4 {[%emt 0:04:10]} Qd6 {[%emt 0:04:10]} 0-1